User interface design : (Record no. 3718)

MARC details
000 -LEADER
fixed length control field 00712nam a2200217 ar4500
001 - CONTROL NUMBER
control field 3720
005 - DATE AND TIME OF LATEST TRANSACTION
control field 20221127090814.0
008 - FIXED-LENGTH DATA ELEMENTS--GENERAL INFORMATION
fixed length control field 140219s xxka 00110 eng d
020 ## - INTERNATIONAL STANDARD BOOK NUMBER
International Standard Book Number 0321181433(pbk) :
Terms of availability SR240.00
082 04 - DEWEY DECIMAL CLASSIFICATION NUMBER
Classification number 005.437
Item number L366 2005
100 1# - MAIN ENTRY--PERSONAL NAME
Personal name Lauesen, Soren.
245 10 - TITLE STATEMENT
Title User interface design :
Remainder of title a software engineering perspective /
Statement of responsibility, etc. Soren Lauesen.
250 ## - EDITION STATEMENT
Edition statement 1st ed.
260 ## - PUBLICATION, DISTRIBUTION, ETC.
Place of publication, distribution, etc. Harlow, England :
Name of publisher, distributor, etc. Pearson/Addison Wesley,
Date of publication, distribution, etc. 2005.
300 ## - PHYSICAL DESCRIPTION
Extent xviii, 604 p. :
Other physical details ill. ;
Dimensions 24 cm.
504 ## - BIBLIOGRAPHY, ETC. NOTE
Bibliography, etc. note Includes bibl. references and index.
650 #4 - SUBJECT ADDED ENTRY--TOPICAL TERM
Topical term or geographic name entry element User interfaces(Computer systems).
650 #4 - SUBJECT ADDED ENTRY--TOPICAL TERM
Topical term or geographic name entry element System design.
650 #4 - SUBJECT ADDED ENTRY--TOPICAL TERM
Topical term or geographic name entry element Human computer interaction.
650 #4 - SUBJECT ADDED ENTRY--TOPICAL TERM
Topical term or geographic name entry element Software engineering.
Holdings
Withdrawn status Lost status Source of classification or shelving scheme Damaged status Not for loan Home library Current library Date acquired Total Checkouts Full call number Barcode Date last seen Copy number Price effective from Koha item type
          CENTRAL CENTRAL 11/27/2022   005.437 L366 2005 10000000012045 11/27/2022 C1 11/27/2022 Book
          CENTRAL CENTRAL 11/27/2022   005.437 L366 2005 10000000012044 11/27/2022 C2 11/27/2022 Book